Сетиматичні особливості аглійських фразеологізмів з компонентами-назвами метрологічних одиниць (Record no. 283436)

MARC details
000 -LEADER
fixed length control field 01650nam a22001577a 4500
041 ## - LANGUAGE CODE
Language code of text/sound track or separate title ukr
080 ## - UNIVERSAL DECIMAL CLASSIFICATION NUMBER
Universal Decimal Classification number 09
090 ## - LOCALLY ASSIGNED LC-TYPE CALL NUMBER (OCLC); LOCAL CALL NUMBER (OCLC)
Local cutter number (OCLC) ; Book number/undivided call number, CALL (RLIN) БОБ
100 ## - MAIN ENTRY--PERSONAL NAME
Personal name Бобков В. О.
245 ## - TITLE STATEMENT
Title Сетиматичні особливості аглійських фразеологізмів з компонентами-назвами метрологічних одиниць
260 ## - PUBLICATION, DISTRIBUTION, ETC. (IMPRINT)
Place of publication, distribution, etc Острог
Name of publisher, distributor, etc КАФ
Date of publication, distribution, etc 2006
300 ## - PHYSICAL DESCRIPTION
Extent 75
520 ## - SUMMARY, ETC.
Summary, etc Вступ.<br/>Розділ 1. Основні поняття фразеології.<br/>1.1. Питання лінгвістичного статусу компонента ФО.<br/>1.2. Проблема синонімії та варіантості ФО.<br/>1.3. Фразеологія та нумерологія.<br/>1.4. Основні методи дослідження та опису ФО.<br/>Розділ 2. Характеристика англійських ФО з компонентами-назвами метрологічних одиниць.<br/>2.1. Семантика ФО з компонентом-загальною назвою метрологічних одиниць measure.<br/>2.2. Семантика ФО з компонентом-назвою лінійної міри inch.<br/>2.3. Семантика ФО з компонентом-назвою лінійної міри step.<br/>2.4. Семантика ФО з компонентом-назвою лінійної міри foot.<br/>2.5. Семантика ФО з компонентами-назвами інших метродогічних одиниць.<br/>Висновки.
-- фразеологія, семантика
650 ## - SUBJECT ADDED ENTRY--TOPICAL TERM
Topical term or geographic name as entry element Research Papers
942 ## - ADDED ENTRY ELEMENTS (KOHA)
Koha item type Books
Holdings
Withdrawn status Lost status Source of classification or shelving scheme Damaged status Not for loan Home library Current library Date acquired Source of acquisition Coded location qualifier Cost, normal purchase price Total Checkouts Full call number Barcode Date last seen Price effective from Koha item type
    Universal Decimal Classification     ВІЛ - Відділ іноземн. літератури НБ ВІЛ - Відділ іноземн. літератури НБ 29/01/2019 Ретроспекція В23 1.00   09 212264 15/12/2021 29/01/2019 Books